000
00305nam a2200109Ia 4500
008
200302s9999 xx 000 0 und d
100
_a
Nancy Temple
245
_a
InTerior Design Work Book Problems and Projects for Ist & 2nd Year Stu.,
260
_b
Van Nostrand Reinhold
260
_c
1993
300
_a
114 P.,
999
_c
992
_d
992